000 004600000a22001810004500
003 MACL
005 20151229150220.0
008 151229b xxu||||| |||| 00| 0 eng d
040 _aMACL
_cMACL
041 _aEnglish
082 _a181.4/MUR
100 _aDikshhitar, V R Ramachandra,
_923993
245 _aTirukkural of Tiruvalluvar
260 _bThe Adyar Library
_c1949
350 _a3
650 _aOriental philosophy
_9339
942 _cBK
_k181.4/DIK
_2ddc
999 _c34769
_d34769